Statistieken voor Hoofdsteden van Afrika

Klik hier om de quiz te nemen!

Algemene statistieken

  • Deze quiz is 3.448 keer genomen
    (3.206 sinds de laatste reset)
  • De gemiddelde score is 28 van 54

Antwoordstatistieken

LandHoofdstad% Correct
EgypteCaïro
91%
AlgerijeAlgiers
90%
Zuid-AfrikaPretoria / Bloemfontein / Kaapstad
86%
MarokkoRabat
81%
TunesiëTunis
79%
Democratische Republiek CongoKinshasa
77%
DjiboutiDjibouti
70%
KeniaNairobi
69%
Republiek CongoBrazzaville
68%
SenegalDakar
67%
NamibiëWindhoek
67%
LibiëTripoli
64%
EthiopiëAddis Abeba
63%
Guinee-BissauBissau
61%
MadagaskarAntananarivo
60%
GhanaAccra
59%
Sao Tomé en PrincipeSão Tomé
58%
Burkina FasoOuagadougou
58%
AngolaLuanda
57%
Sierra LeoneFreetown
56%
GabonLibreville
49%
BeninPorto-Novo / Cotonou
49%
SomaliëMogadishu
49%
NigeriaAbuja
47%
OegandaKampala
47%
ZimbabweHarare
46%
SoedanKhartoem
45%
Centraal-Afrikaanse RepubliekBangui
45%
KameroenYaoundé
45%
SeychellenVictoria
45%
LiberiaMonrovia
44%
RwandaKigali
44%
TogoLomé
44%
BotswanaGaborone
43%
KaapverdiëPraia
43%
MozambiqueMaputo
42%
EritreaAsmara
42%
TanzaniaDodoma
42%
Zuid-SoedanDjoeba
41%
NigerNiamey
41%
GambiaBanjul
41%
IvoorkustYamoussoukro
41%
MalawiLilongwe
40%
GuineeConakry
40%
MaliBamako
39%
ComorenMoroni
39%
ZambiaLusaka
39%
MauritiusPort Louis
38%
MauritaniëNouakchott
38%
EswatiniMbabane
38%
TsjaadNdjamena
38%
LesothoMaseru
36%
BurundiGitega
36%
Equatoriaal-GuineaMalabo
34%

Scoreverdeling

Percentiel versus Aantal Correcte Antwoorden

Procent van Mensen met Elke Score

Uw Scoregeschiedenis

U heeft deze quiz nog niet genomen sinds de laatste reset